Регионална библиотека "Любен Каравелов" - Русе

Панаирът (Запис номер 10616)

MARC детайли
000 -Лидер
Контролно поле с фиксирана дължина 01152nam a2200337 c 4500
003 - Код на организацията, давaща контролен номер
Контролно поле BLK
005 - Дата и час на последна редакция
Контролно поле 20230810090151.0
008 - Елементи от данни с фиксирана дължина
fixed length control field 180412b bul|||||r ||||||| ||bul||
010 ## - Наследен системен номер
LC control number KNG00012117000
040 ## - Източник на каталожния запис
Идентификатор на билиотеката - собственик на записа BLK
041 ## - Код за език
Код за езика на текст/звукозапис или на отделно заглавие Български
Код за езика КДБФ Български
080 ## - УДК
Текстов определител УДК Американска литература (на САЩ)
УДК код - определител по УДК 821.111(73)
УДК определител -312.4
УДК - код + определител 821.111(73)-312.4
100 1# - Редна дума - Автор
Автор Кунц, Дийн Р.
Авторска отговорност първи автор
R(LIN) 242451
139 ## - Редно поле
Редна дума Кунц, Дийн Р.
Авторски знак Ку - К 93
245 10 - Сведения за заглавието
Заглавие Панаирът
Подзаглавни данни Роман
Редно поле (дума) Дийн Р. Кунц; прев. от англ. Ирина Димитрова.
257 ## - Страна на издаване
Страна на създаване/издаване Съединени американски щати
260 ## - Област на издателските данни
Име на издателя, разпространителя и проч. Мега
Година на издаване 1996
300 ## - Физическа характеристика
Страници 248 с.
Размери/Мащаб 20 см
380 ## - Жанр
Жанр Худож. лит.
490 ## - СЕРИИ (Колекции)
Име на серия Мега трилър
9 (RLIN) 202105
500 ## - Общи забележки
Забележка Ориг. загл. The Funhouse / Dean Koontz. - 4 000 тир.
653 ## - Ключова дума – ненормативна
Ключова дума трилъри
700 1# - Други автори (авторска отговорност)
Лично име Димитрова, Ирина
Автороска отговорност (Описва отношението между автора и произведението) прев. от англ.
9 (RLIN) 363468
852 ## - Местоположение
Форматна сигнатура Цб 188307
856 4# - Електронен адрес и достъп
Електронен формат pdf - файл
Път до файла /url/
856 4# - Електронен адрес и достъп
Електронен формат pdf - файл
Път до файла /url/
999 ## - СИСТЕМНИ КОНТРОЛНИ НОМЕРА
Koha biblionumber 10616
Koha biblioitemnumber 10616
942 ## - АРТИКУЛИ
Вид на библиотечния материал Книги
Скрит в OPAC Не
Периодичен библиозапис Да
Koha issues (borrowed), all copies 2
944 ## - СЪЗДАВАНЕ И РЕДАКЦИЯ на ЗАПИСА
Създаване/Редакция Създаване
Дата на регистрацията/редакция 15.01.2003
Служител, извършил регистрацията/редакцията 30564
Статус, дата на статуса Галина Якимова
944 ## - СЪЗДАВАНЕ И РЕДАКЦИЯ на ЗАПИСА
Създаване/Редакция Редакция
Дата на регистрацията/редакция 15.02.2011
999 ## - СИСТЕМНИ КОНТРОЛНИ НОМЕРА
Koha biblioitemnumber 10616
Наличности
Код за отписване Код за изгубен артикул Източник на класификационната схема Код за повреда Коз за рестрикции Код за отдаване Артикулен № Име на библиотеката - собственик Име на библиотеката, в която се намира в момента Статус (Текущо местоположение) Дата на вписване в системата Местоположение - отдел Цена в лева Инвентарен номер Систематично азбучна сигнатура Баркод Номер на екземпляра Цена в евро Служебна бележка Служебен тип на артикула
  Не е изгубен Universal Decimal Classification Не е повреден без рестрикции ползва се в читалня 18389 Регионална библиотека "Любен Каравелов" Русе Регионална библиотека "Любен Каравелов" Русе Хранилище 2001-01-01 Хранилище 0.96 622101 Цб 188307 120000622101 1 0.49 Дост: Dp Вид: Д N: 14 Дата: 01.01.1996 Книги
  Не е изгубен Universal Decimal Classification Не е повреден без рестрикции заемане за дома 816299 Регионална библиотека "Любен Каравелов" Русе Регионална библиотека "Любен Каравелов" Русе Заемна - подръчен фонд 2021-03-15 Заемна - подръчен фонд 10.00   821-31/К 93 120000853493   5.11   Книги
Vip Innovations Ltd, Rousse, Bulgaria 2025